000 00712nam a2200217 i 4500
001 34973
003 ES-MaACL
005 20230906155030.0
008 030211s1969 sp fo |||| | spa d
080 _a688.72
100 1 _aBorràs, Maria Lluïsa.
_9146592
245 1 1 _a[Mundo de los juguetes] /
_cfotos, Clovis Prevost ; selección y secuencia, J. Prats Vallès.
260 _aBarcelona :
_bPolígrafa,
_c[1969]
300 _a63 p., 184 lám. col. y n. ;
_c21 cm.
546 _aTexto en español, inglés, francés y alemán.
595 _aEd. multilingüe.
650 4 _aJuguetes.
_9146593
700 1 _aPrevost, Clovis.
_993816
700 1 _aPrats Vallès, Joan.
_993709
852 _aES-MaACL
_jC-41146
999 _c34973
_d34973